[Event "Oberfranken-ch Seniors"]
[Site "Bischofsgruen"]
[Date "2009.06.11"]
[Round "7"]
[White "Theuermeister, Peter"]
[Black "Gehlen, Peter"]
[Result "1-0"]
[WhiteElo "1792"]
[BlackElo "1389"]
[PlyCount "71"]
[EventDate "2009.06.05"]
[EventType "swiss"]
[EventRounds "9"]
[EventCountry "GER"]
[SourceTitle "EXT 2012"]
[Source "ChessBase"]
[SourceDate "2011.11.24"]
[SourceVersion "1"]
[SourceVersionDate "2011.11.24"]
[SourceQuality "1"]

1. d4 d5 2. Nf3 Nf6 3. c4 e6 4. Nc3 h6 5. e3 Bb4 6. Bd2 a6 7. Bd3 Bxc3 8. Bxc3 0-0 9. 0-0 b6 10. cxd5 exd5 11. Rc1 Bg4 12. h3 Bh5 13. Be2 Nbd7 14. Ne1 Bxe2 15. Qxe2 Ne4 16. Bb4 Re8 17. Nd3 a5 18. Ba3 Rc8 19. Rc2 c6 20. Rfc1 Re6 21. Nf4 Rf6 22. Qg4 Ng5 23. h4 Nh7 24. b3 g6 25. Nd3 h5 26. Qg3 Re6 27. Nf4 Re4 28. Rxc6 Rxc6 29. Rxc6 Nhf6 30. Qg5 Qe8 31. Rxf6 Nxf6 32. Qxf6 Rxe3 33. fxe3 Qxe3+ 34. Kh2 Qf2 35. Bd6 b5 36. Be5 1-0